LEADER 00610nam a2200193 i 4500 001 000000253702 003 CaOOAMICUS 005 20170410000000.0 008 170410s1844 it u000 u fre u 013 $a232607 040 $aSeMil$bita 245 10$aTome 9. 300 $a223 p. 773 0 $aMichelet, Jules <1798-1874>$tHistoire de France.$dBruxelles : Hauman & C., 1834-1844.$g9$w()12772 850 $aSeMil 852 $aSeMil$W1$xVenegono$y1$m3T I 65 FA$j204048$B204048$CSeMilBibl$Z2$F217465 $8I 941 1 $a10 961 $aRecupero: Mantegazza 996 $6245$aTome 9$9(OLS)http://semarc/title/108281 LEADER 01191nam a2200241 i 4500 001 000000083012 003 CaOOAMICUS 005 20180321000000.0 008 180321s1938 it u000 u ita u 013 $a55252 040 $aSeMil$bita 245 10$aCatechismo cattolico :$bcatechismo per gli adulti desiderosi di approfondirsi nella conoscenza della dottrina cristiana /$ca cura e studio del Cardinal Pietro Gasparri. 250 $aDalla Seconda edizione riveduta e rinnovata del Catechismo Cattolico. 260 $aBrescia :$bLa Scuola,$c1938. 300 $a358 p. ;$c21 cm. 600 04$aPio X .$0(OLS)http://semarc/subject/2400 650 4$aCatechesi.$0(OLS)http://semarc/subject/3693 700 1 $aGasparri, Pietro,$c.$0(OLS)http://semarc/name/4808 850 $aSeMil 852 $aSeMil$W1$xVenegono$y1$m2C II 654$j47739$B47739$CSeMilBibl$Z2$F50611 $81 961 $aRecupero: Seminario di Seveso 996 $6245$aCatechismo cattolico :$bcatechismo per gli adulti desiderosi di approfondirsi nella conoscenza della dottrina cristiana$9(OLS)http://semarc/title/405361 996 $6260$aBrescia :$bLa Scuola$9(OLS)http://semarc/publisher/29831